Sampurna kahaniyan/ (Record no. 11324)

MARC details
000 -LEADER
fixed length control field 00538nam a22001937a 4500
005 - DATE AND TIME OF LATEST TRANSACTION
control field 20260515114923.0
008 - FIXED-LENGTH DATA ELEMENTS--GENERAL INFORMATION
fixed length control field 220621b ||||| |||| 00| 0 eng d
020 ## - INTERNATIONAL STANDARD BOOK NUMBER
International Standard Book Number 9788126719723
040 ## - CATALOGING SOURCE
Original cataloging agency IN-DiNC
Transcribing agency IN-DiNC
041 ## - LANGUAGE CODE
Language code of sung or spoken text hin
082 ## - DEWEY DECIMAL CLASSIFICATION NUMBER
Classification number 891.433
Item number REN
100 ## - MAIN ENTRY--PERSONAL NAME
Personal name Renu, Fanishwarnath
Relator term author
245 ## - TITLE STATEMENT
Title Sampurna kahaniyan/
Statement of responsibility, etc. by Fanishwarnath Renu
250 ## - EDITION STATEMENT
Edition statement 4th ed.
260 ## - PUBLICATION, DISTRIBUTION, ETC.
Place of publication, distribution, etc. New Delhi:
Name of publisher, distributor, etc. Rajkamal prakashan,
Date of publication, distribution, etc. 2018
300 ## - PHYSICAL DESCRIPTION
Extent 584p.
650 ## - SUBJECT ADDED ENTRY--TOPICAL TERM
Topical term or geographic name entry element A collection of stories by Fanishwarnath Renu
942 ## - ADDED ENTRY ELEMENTS (KOHA)
Source of classification or shelving scheme Dewey Decimal Classification
Koha item type Books
Holdings
Withdrawn status Lost status Source of classification or shelving scheme Damaged status Not for loan Collection Home library Current library Shelving location Date acquired Cost, normal purchase price Total checkouts Full call number Barcode Date last seen Date last checked out Copy number Price effective from Koha item type
    Dewey Decimal Classification       Naharkatiya College Library Naharkatiya College Library General stacks 06/21/2022 1200.00 1 891.433 REN 28804 06/29/2024 05/30/2024 1 06/21/2022 Books